Foundations of logic programming /
Guardado en:
| Autor Principal: | |
|---|---|
| Formato: | Libro |
| Idioma: | English |
| Publicado: |
Berlin :
Springer-Verlag,
c1984.
|
| Series: | Symbolic computation. Artificial intelligence
|
| Materias: | |
| Etiquetas: |
Agregar Etiqueta
Sin Etiquetas, Sea el primero en etiquetar este registro!
|
| LEADER | 00808cam a2200241 a 4500 | ||
|---|---|---|---|
| 001 | MAT.inmabb004900 | ||
| 008 | 840907s1984####gw#######b####001#0#eng## | ||
| 005 | 20160608160955.0 | ||
| 245 | 1 | 0 | |a Foundations of logic programming / |c J. W. Lloyd. |
| 260 | |a Berlin : |b Springer-Verlag, |c c1984. | ||
| 300 | |a x, 124 p. ; |c 25 cm. | ||
| 440 | 0 | |a Symbolic computation. |p Artificial intelligence | |
| 504 | |a Bibliografía: p. [113]-118. | ||
| 510 | 4 | |a MR, |c 86g:68004 | |
| 020 | |a 3540132996 | ||
| 020 | |a 0387132996 | ||
| 100 | 1 | |a Lloyd, J. W. |q (John Wylie), |d 1947- | |
| 650 | 0 | |a Logic programming. | |
| 650 | 0 | |a Programming languages (Electronic computers) |x Semantics. | |
| 084 | |a 68-02 (03-02 03B35 03B70 68T15 68T25) |2 MR | ||
| 010 | |a 84020277 | ||
| 040 | |a DLC |c DLC |d DLC | ||
| 859 | |h 68 |i L793 |p A-6168 |b BIB. MATEMATICA | ||
